| 000 -ლიდერი |
| ფიქსირებული სიგრძის საკონტროლო ველი |
01377nam a2200229Ia 4500 |
| 001 - საკონტროლო ნომერი |
| საკონტროლო ველი |
19702 |
| 003 - საკონტროლო ნომრის იდენტიფიკატორი |
| საკონტროლო ველი |
GE_BSU |
| 005 - ბოლო ოპერაციის თარიღი და დრო |
| საკონტროლო ველი |
20200329171715.0 |
| 008 - ფიქსირებული სიგრძის მონაცემთა ელემენტები - ზოგადი ინფორმაცია |
| ფიქსირებული სიგრძის საკონტროლო ველი |
181216s1987||||ge |||||||||||||| ||geo|| |
| 040 ## - კატალოგიზაციის წყარო |
| Transcribing agency |
GE_BSU |
| 041 ## - ენის კოდი |
| Language code of text/sound track or separate title |
geo |
| 080 ## - უნივერსალური ათობითი კლასიფიკაციის ინდექსი |
| Universal Decimal Classification number |
910.14(479.22) + 821.353.1'373.21 ს-32 |
| 245 ## - ცნობა სათაურის შესახებ |
| Title |
საქართველოს სსრ ტოპონიმია : |
| Remainder of title |
(მასალები) ტ.1 ზემო იმერეთი / |
| Statement of responsibility, etc |
გამოსაც. მოამზადეს და ინვერსიული სია დაურთეს ი. ბაქრაძემ, შ. აფრიდონიძემ, ვ. ჯოჯუამ ; ტომის რედ. პ. ცხადაია |
| 264 ## - წარმოების, გამოცემის, დისტრიბუციის და სხვა ცნობები |
| გამოცემის, წარმოების, დისტრიბუციის... ადგილი |
თბილისი : |
| გამოცემის, წარმოების, დისტრიბუციის... სახელწოდება |
თბილ. უნ-ტის გამ-ბა, |
| გამოცემის, წარმოების, დისტრიბუციის... თარიღი |
1987. |
| 300 ## - ფიზიკური აღწერა |
| Extent |
488 გვ. ; |
| Accompanying material |
20 სმ. |
| 653 ## - INDEX TERM--UNCONTROLLED |
| Uncontrolled term |
ზემო იმერეთი |
| 653 ## - INDEX TERM--UNCONTROLLED |
| Uncontrolled term |
საქართველოს სსრ ტოპონიმია |
| 700 ## - ADDED ENTRY--PERSONAL NAME |
| Personal name |
ცხადაია, პ. |
| Relator term |
რედაქტორი |
| 9 (RLIN) |
7831 |
| 710 ## - ADDED ENTRY--CORPORATE NAME |
| Corporate name or jurisdiction name as entry element |
თსუ-ს ახ. ქართ. ენის კათედრასთან არსებ. ტოპონ. კვლევის რესპ. ცენტრი-ტოპონიმიკის ლაბორატორია |
| 9 (RLIN) |
7832 |
| 942 ## - ADDED ENTRY ELEMENTS (KOHA) |
| Koha item type |
წიგნი |
| Source of classification or shelving scheme |
|